000 00290nam a2200133 i 4500
001 bg
100 1 _aWOLSKI, Z.
245 0 _aRoboty okładzinowe /
_cZ. Wolski.
260 _aWarszawa,
_c1988.
040 _cBPK
041 _apol
942 _cKS
008 s pl f |000 0 pol
999 _c3645
_d3645
856 _uhttp://koha.tu.koszalin.pl/cgi-bin/koha/opac-detail.pl?biblionumber=3645
_yKatalog online BPK